logo

Bir Sreshtho Munshi Abdur Rouf Library
Jhenaidah Cadet College

Heat Thermodynamics and Statistical Physics / (Record no. 12141)

MARC details
000 -LEADER
fixed length control field 00800nam a2200289 a 4500
001 - CONTROL NUMBER
JCCL Control Number 12141
003 - CONTROL NUMBER IDENTIFIER
JCCL marc code BD-JhCC
005 - DATE AND TIME OF LATEST TRANSACTION
control field 20210321090601.0
008 - FIXED-LENGTH DATA ELEMENTS--GENERAL INFORMATION
fixed length control field 210321r19682019i a|||| || | 000 0 eng d
020 ## - INTERNATIONAL STANDARD BOOK NUMBER
International Standard Book Number 9788121928137
035 ## - SYSTEM CONTROL NUMBER
system control number (BD-JhCC)12141
040 ## - CATALOGING SOURCE
Original cataloging agency BD-JhCC
Modifying agency BD-JhCC
041 ## - LANGUAGE CODE
Language code of Book eng
082 ## - DEWEY DECIMAL CLASSIFICATION NUMBER
Classification number 536.1
Author mark and Year LAL 2019
100 ## - MAIN ENTRY--PERSONAL NAME
Personal name Lal, Brij
245 ## - TITLE STATEMENT
Title Heat Thermodynamics and Statistical Physics /
Statement of responsibility, etc Brij Lal, N. Subrahmanyyam and rev. by P.S. Hemne
250 ## - EDITION STATEMENT
Edition statement Revised ed.
260 ## - PUBLICATION, DISTRIBUTION, ETC. (IMPRINT)
Place of publication, distribution, etc New Delhi :
Name of publisher, distributor, etc S. Chand & Company Ltd,
Date of publication, distribution, etc 2019 [reprint].
300 ## - PHYSICAL DESCRIPTION
Pagination 665 p. :
Other physical details ill. ;
Dimensions 21 cm.
650 ## - SUBJECT ADDED ENTRY--TOPICAL TERM
Topical term or geographic name as entry element Heat
650 ## - SUBJECT ADDED ENTRY--TOPICAL TERM
Topical term or geographic name as entry element Thermodynamics
650 ## - SUBJECT ADDED ENTRY--TOPICAL TERM
Topical term or geographic name as entry element Statistical mechanics
700 ## - ADDED ENTRY--PERSONAL NAME
Personal name Subrahmanyyam, N.
700 ## - ADDED ENTRY--PERSONAL NAME
Personal name Hemne, P.S.
942 ## - ADDED ENTRY ELEMENTS (KOHA)
Source of classification or shelving scheme Dewey Decimal Classification
Koha item type Books
Holdings
Source of classification or shelving scheme Damaged status Not for loan Home library Current library Shelving location Date of accession Cost, normal purchase price Total Checkouts Full call number Barcode Date last seen Copy number Koha item type
Dewey Decimal Classification     JCC Rouf Library JCC Rouf Library General Stacks 03/21/2021 1063.00   536.1 LAL 2019 16626 03/21/2021 C-1 Books

JCC Library | Contacts | JCC Home

Last Update on 23 September 2017
Copyright @ 2017-2020 JCC Rouf Library
Rouf Library, Jhenidah Cadet College (JCC), Bangladesh